00434 2200169 4500001002100000008004100021035002000062245003100082100002200113260002800135300002400163020002200187084001400209082000800223650001800231990001500249INLIS000000000003315 ind  a0010-1225000136 aAkalbudicPatricia Daniels aDaniels, Patricia aJakartabGramediac2024 a303 hlmc17 x 25 cm a978-623-134-285-0 a100 PAT a a100 aCerita Rakyat a19826/B/26